| 000 | 01645nam0a2200349 4500 | ||
|---|---|---|---|
| 001 | RU\NLR\bibl\1782802 | ||
| 005 | 20260405103246.0 | ||
| 010 |
_a978-5-89764-318-9 _955 |
||
| 021 |
_aRU _b2011-40017 _92846 |
||
| 035 | _a(nilc)RSL-KNO-004952111 | ||
| 035 | _a(NLR Aleph) 001773543 | ||
| 090 |
_a1652935 _c1652935 |
||
| 100 | _a20110531d2010 |||y0rusy50 ca | ||
| 101 | 0 | _arus | |
| 102 | _aRU | ||
| 105 | _aa ||||||||| | ||
| 200 | 1 |
_aПрименение поверхностей эллипсоида и шара для геодезического обеспечения Государственного кадастра недвижимости _eмонография _fА. В. Виноградов _gМ-во сел. хоз-ва Рос. Федерации, Федер. гос. образоват. учреждение высш. проф. образования "Ом. гос. аграр. ун-т" (ФГОУ ВПО ОмГАУ) |
|
| 210 |
_aОмск _cИзд-во ФГОУ ВПО ОмГАУ _d2010 |
||
| 215 |
_a149 с. _cил. _d21 |
||
| 320 | _aБиблиогр.: с. 145-149 (72 назв.) | ||
| 606 | 1 |
_aЗемельный кадастр _xГеодезическое обеспечение _92113068 _3RU\NLR\auth\661276840 |
|
| 686 |
_aД143,0 _2rubbk |
||
| 686 | _aД143 | ||
| 700 | 1 |
_4070 _8rus _7ca _aВиноградов _bА. В. _cканд. техн. наук _gАркадий Васильевич _3RU\NLR\AUTH\7738924 _921908 |
|
| 801 | 0 |
_aRU _bRuMoRKP _c20110531 _grcr |
|
| 801 | 1 |
_aRU _bРГБ _c20110531 |
|
| 801 | 2 |
_aRU _bNLR _c20110624 _grcr |
|
| 942 | _cBOOK | ||
| 980 | _aNB | ||
| 980 | _aNBR | ||